000 00824nam a2200289Ia 4500
003 OSt
005 20220912151226.0
006 a|||||r|||| 00| 0
007 ta
008 220909b |||||||| |||| 00| 0 eng d
020 _a0387986863 (hbd)
024 _a9498
037 _bOverseas,
037 _cTextual
040 _aCSL
_beng
_cCSL
041 _aeng
082 _aB, P1
100 _aWilson Robin Co.
245 0 _aMathematical conversations: selections from the mathematical intelligencer
260 _aNew York
_b Springer-Verlag
_c2001
300 _avii, 488p.
_ccm.
500 _aIncludes bibliographical references
650 _aMathematics
700 _a Gray Jeremy Co.
942 _hB, P1
_cTEXL
_2CC
999 _c63969
_d63969